1760 1806 1540 1585 1083 1514 1399 1925 1563 1515 1749 1079 1451 1580 1042 1925 1277 1781 1214 1675 1938 1668 1864 1820 1155 1072 1819 1329 1280 1060 1143 1124 1714 1237 1271 1225 1101 1545 1486 1391 1700 1547 1616 1790 1785 1218 1834 1348 1248 1476 1499 1728 1595 1565 1639 1723 1420 1858 1145 1932 1497 1858 1492 1879 1793 1259 1056 1892 1260 1732 1414 1238 1724 1870 1744 1798 1951 1571 1862 1181 1805 1947 1428 1513 1295 1588 1699 1543 1923 1291 1214 1908 1745 1607 1929 1261 1229 1595 1045 BCNSPRNW ULIB Ver.6.0+V

เปลี่ยนเป็นภาษาไทย

Change to English
 แสดงรายละเอียดบรรณานุกรม
  กลับหน้าหลัก

Brief Record : Get Marc (ISO 2709) : E-mail record : QR code < ปิดหน้าต่าง
LEADER : 00000nam 2200000uu 4500
001    13399124416
003     ULIB
008    150701s2557||||th 000 0 tha d
060  4 ^aWS290^bส181น
100 0  ^aธวัชชัย กีรวิทยา, บรรณาธิการ
245 04 ^aNursing management for pediatric heart disease/^cธวัชชัย กีรวิทยา, บรรณาธิการ
260    ^aกรุงเทพฯ:^bสถาบันสุขภาพเด็กแห่งชาติมหาราชินี,^c2557
300    ^a184 หน้า
650  0 ^aโรคหัวใจพิการแต่เด็ก
650  0 ^aโรคคาวาซากิ
650  0 ^aShock
945    ^p0^l0^i22978
945    ^p0^l0^i22979
945    ^p0^l0^i22980
945    ^p0^l0^i22981
945    ^p0^l0^i22982
999    ^aทศพร เกษรทอง
รายการนี้ยังไม่มีแท็ก
คุณยังไม่ได้ล็อกอิน คุณสามารถมีกิจกรรมร่วมกับเว็บไซต์ได้ แต่ต้องล็อกอินก่อน ::
  ล็อกอิน

รายการสื่อสารสนเทศ

ลำดับที่ ประเภท เลขเรียก/บาร์โค้ด สถานที่ สถานะ
1. วิทยาศาสตร์การแพทย์ และสุขภาพ
วิทยาศาสตร์การแพทย์ และสุขภาพ
สถานะ=หนังสือเก่า
WS290 ส181น ฉ.1 
  Barcode: 22978
ห้องสมุดวิทยาเขตนครสวรรค์
►ส่วนจัดเก็บหนังสือเก่า นว.
บนชั้น
  ขอยืม
2. วิทยาศาสตร์การแพทย์ และสุขภาพ
วิทยาศาสตร์การแพทย์ และสุขภาพ
สถานะ=หนังสือเก่า
WS290 ส181น ฉ.2 
  Barcode: 22979
ห้องสมุดวิทยาเขตนครสวรรค์
►ส่วนจัดเก็บหนังสือเก่า นว.
บนชั้น
  ขอยืม
3. วิทยาศาสตร์การแพทย์ และสุขภาพ
วิทยาศาสตร์การแพทย์ และสุขภาพ
สถานะ=หนังสือเก่า
WS290 ส181น ฉ.3 
  Barcode: 22980
ห้องสมุดวิทยาเขตนครสวรรค์
►ส่วนจัดเก็บหนังสือเก่า นว.
บนชั้น
  ขอยืม
4. วิทยาศาสตร์การแพทย์ และสุขภาพ
วิทยาศาสตร์การแพทย์ และสุขภาพ
สถานะ=หนังสือเก่า
WS290 ส181น ฉ.4 
  Barcode: 22981
ห้องสมุดวิทยาเขตนครสวรรค์
►ส่วนจัดเก็บหนังสือเก่า นว.
บนชั้น
  ขอยืม
5. วิทยาศาสตร์การแพทย์ และสุขภาพ
วิทยาศาสตร์การแพทย์ และสุขภาพ
สถานะ=หนังสือเก่า
WS290 ส181น ฉ.5 
  Barcode: 22982
ห้องสมุดวิทยาเขตนครสวรรค์
►ส่วนจัดเก็บหนังสือเก่า นว.
บนชั้น
  ขอยืม

รายการใกล้เคียง
    หัวเรื่อง [โรคหัวใจพิการแต่เด็ก]
    หัวเรื่อง [โรคคาวาซากิ]
    หัวเรื่อง [Shock]

BibComment


ยังไม่เคยถูกคอมเมนท์

คอมเมนท์ทรัพยากรรายการนี้
  คอมเมนท์: Nursing manageme..


 Copyright 2026. Bcnsprnw @Library